00890 2200205 4500001002100000005001500021035002000036007000300056008004100059020002200100082000800122084001000130100001400140245004600154250001400200260003100214300004600245650001000291520038300301INLIS00000000000052120221114084223 a0010-1122000115ta221114 b 0 ind  a978-979-22-8815-5 a550 a550 t0 aTony wolf1 a169 Fakta Asyik Tentang Bumi /cTony wolf aCetakan 2 aJakarta :bGramedia,c2018 a68 halaman :bilustrasi berwarna ;c25 cm 4asains aTeman-teman, Bumi tempat kita tinggal ini menyimpan banyak rahasia yang bisa membuatmu takjub. Jadi, ayo kita sama-sama belajar tentang Bumi. Pokoknya, semua pertanyaanmu bakal dijawab lengkap dalam buku ini! • Apakah gunung cuma ada di daratan? • Apa itu stalakmit dan stalaktit? • Kenapa musim berganti? • Dari mana salju datang? • Benarkah air laut mengandung emas?